| 000 | 00811cam a2200265 4500500 | ||
|---|---|---|---|
| 005 | 20260405001949.0 | ||
| 041 | _afre | ||
| 042 | _adc | ||
| 100 | 1 | 0 |
_aEltchaninoff, Michel _eauthor |
| 245 | 0 | 0 | _a« Cinquième colonne » : qui est l’ennemi de l’intérieur ? |
| 260 | _c2015. | ||
| 500 | _a64 | ||
| 690 | _aAlexandre Koyré | ||
| 690 | _aBoris Nemtsov | ||
| 690 | _aCinquième colonne | ||
| 690 | _aDissidence | ||
| 690 | _aMichel Eltchaninoff | ||
| 690 | _aOpposition | ||
| 690 | _aRhétorique | ||
| 690 | _aRussie | ||
| 690 | _aSeconde Guerre mondiale | ||
| 690 | _aVladimir Poutine | ||
| 786 | 0 | _nPhilosophie magazine | 88 | 4 | 2015-04-01 | p. 3-3 | 1951-1787 | |
| 856 | 4 | 1 | _uhttps://shs.cairn.info/magazine-philosophie-magazine-2015-4-page-3?lang=fr&redirect-ssocas=7080 |
| 999 |
_c2052809 _d2052809 |
||